| 000 | 00735nam a2200181Ia 4500 | ||
|---|---|---|---|
| 008 | 100921s9999 xx 000 0 und d | ||
| 082 |
_b40627 _a550 न 06 |
||
| 100 | _aदेऊळगांवकर अतुल. | ||
| 245 | _aबखर पर्यावरणाची. | ||
| 260 |
_bमौज प्रकाशन,मुंबई. _c2006 |
||
| 300 |
_a148 _bकलाभारती वितरण,पुणे |
||
| 365 | _b150 | ||
| 520 | _aविज्ञान-भौमिक शास्त्रे. | ||
| 630 | _aबखर पर्यावरणाची. | ||
| 650 | _aविज्ञान-भौमिक शास्त्रे. | ||
| 730 | _aबखर पर्यावरणाची. | ||
| 942 | _cBOOK | ||
| 999 |
_c789740 _d789737 |
||